00331nam a22001217a 4500008004100000020001500041050002200056100002100078245005000099260002800149300001500177650001700192220329b |||||||| |||| 00| 0 eng d a1138705685 aHB139b.C45 2011  aChipman, John S. aAdvanced Econometric Theory/cJohn S. Chipman aLondonbRoutledgec2011 axiv, 393p. aEconometrics